000 00447nam a22001937a 4500
003 MPLRDC
005 20220104152404.0
008 210129b ||||| |||| 00| 0 eng d
020 _a962-950-551-7
082 _a857.7 XMY v.261
100 _a岳霏著
245 _a君心似海
_c
250 _a初版
260 _a
_b星河出版社
_c1999
300 _b
490 _a寻梦园系列;261
650 _a
942 _cBK
_o857.7 XMY v.261
999 _c52867
_d52857